000 00783 a2200229 4500
001 122084
020 _a8532200478
040 _cEscola Canadense de Niteroi
090 _aM1 - NIC
100 _aNicolelis, Giselda Laporta
245 1 0 _aA menina que queria ser bruxa
250 _a3.ed.
260 _aSão Paulo
300 _bil.
_c4 x 17 x 0.3 cm
362 0 _a1987
490 0 _aColeção primeiras histórias
520 _aAline matriculou-se na escola de bruxas. Mas não entendia o motivo de escurecer o sol ou transformar meninos em sapos. O conselho veio da diretora da escola e Aline se transferiu para a escola de fadas. E se tornou uma de primeira grandeza.
650 4 _aLiteratura Infantil
650 4 _aBruxas e Bruxos
650 4 _aFadas
942 _cBK
999 _c122084
_d122084